Suite francesa: tempestad en junio

La increíble adaptación gráfica de la galardonada novela de Irene Nemirovsky , Suite francesa. Diez años después del extraordinario éxito que supuso en todo el mundo la publicación de Suite francesa, rescatada milagrosamente del olvido, Emmanuel Moynot se adueña de la primera de las dos partes de la...

Full description

Bibliographic Details
Main Author: Moynot, 1960-
Other Authors: Némirovsky, Irène, 1903-1942 (autora), Quillec, Chantal (colaboradora)
Format: Libro
Language:Spanish
Published: Barcelona : Salamandra, 2021.
Edition:Primera edición con este formato: junio 2021.
Subjects:
Online Access:

MARC

LEADER 00000nam a22000007a 4500
003 UAHC
005 20240927164626.0
008 240927s2021 sp |||| |||| 00| f spa d
020 |a 9788418347702 
035 |a CENTRAL 
040 |a UAHC  |c UAHC 
082 |a 741.5944  |b M938 
100 |a Moynot,  |d 1960-  |9 20474 
245 1 0 |a Suite francesa:   |b tempestad en junio  |c Emmanuel Moynot; basada en la novela de Irène Némirovsky; grises de Chantal Quillec. 
250 |a Primera edición con este formato: junio 2021. 
260 |a Barcelona :  |b Salamandra,  |c 2021. 
300 |a 220 páginas :  |b ilustraciones en blanco y negro. 
520 |a La increíble adaptación gráfica de la galardonada novela de Irene Nemirovsky , Suite francesa. Diez años después del extraordinario éxito que supuso en todo el mundo la publicación de Suite francesa, rescatada milagrosamente del olvido, Emmanuel Moynot se adueña de la primera de las dos partes de la novela para ofrecer, con su afilada pluma, una dimensión visual de este clásico de Irene Nemirovsky. Como en una película de Renoir o Robert Altman, los personajes, sus trayectorias y sus destinos colisionan y se entrelazan en las carreteras del gran éxodo de 1940, dibujando un enorme fresco de las horas más oscuras, en las que las columnas del orden social y moral del país parecían derrumbarse. Así, las figuras inolvidables que habitan en las páginas de Nemirovsky cobran vida y nos invitan a reencontrarnos con viejos conocidos como el banquero Corbin, los amables Michaud, el clan de los Pericand, el malogrado padre Philippe, la frívola Arlette Corail, el siniestro Corte y su descerebrada amante, en suma, todo el muestrario de perdedores, atormentados, puros y víctimas de esta gran debacle francesa. 
650 0 |a Novelas gráficas  |z Francia  |9 20477 
700 |a Némirovsky, Irène,  |d 1903-1942  |9 20475  |e autora 
700 |a Quillec, Chantal  |9 20476  |e colaboradora 
900 |a 741.5944 MOY 
942 |2 ddc  |c BK 
952 |0 0  |1 0  |2 ddc  |4 0  |6 741_594400000000000_MOY  |7 0  |8 COMP  |9 100082  |a BC  |b BC  |c General  |d 2024-09-27  |e Compra  |g 13168.00  |l 0  |o 741.5944 MOY  |p 1472250  |r 2026-01-13 00:00:00  |t 1  |w 2024-09-27  |x OC: 2299 / Factura Buscalibre Nº224299  |y BK  |z Colección novelas gráficas, cómics y animes 
999 |c 62135  |d 62135